| 000 | 01803nam a2200469 a 4500 | ||
|---|---|---|---|
| 001 | 000110831 | ||
| 003 | CHAP | ||
| 005 | 20220329144147.0 | ||
| 008 | 141008s1995 mx a |r| ||||||spa d | ||
| 010 | _a107293 | ||
| 011 | _a108265 | ||
| 040 | _cCHAP | ||
| 082 | 0 | 4 |
_a630.97274 _bA27 |
| 245 | 1 | 0 |
_aAgricultura regional II : _breporte de fase de campo comunidad San Gabriel Casablanca, Mpio. San Antonio Nanahuatipam, distrito Teotitlan de Flores Magón, Oaxaca / _ccoordinado por Romeo Sosa. |
| 260 |
_aChapingo, Méx. : _bUACH. Departamento de Preparatoria Agrícola, _c1995. |
||
| 590 |
_aBATCH-UPD _b05 _c20141009 _lUCH01 _h1213 |
||
| 590 |
_aE11695DGD _b10 _c20141009 _lUCH01 _h0847 |
||
| 590 |
_aE11695DGD _b10 _c20141009 _lUCH01 _h0849 |
||
| 590 |
_aE5995AHE _b05 _c20141008 _lUCH01 _h1349 |
||
| 590 |
_aE5995AHE _b05 _c20141008 _lUCH01 _h1356 |
||
| 590 |
_aE5995AHE _b05 _c20141008 _lUCH01 _h1423 |
||
| 590 |
_aE5995AHE _b05 _c20141008 _lUCH01 _h1441 |
||
| 590 |
_aE5995AHE _b05 _c20141008 _lUCH01 _h1455 |
||
| 590 |
_aE5995AHE _b05 _c20141009 _lUCH01 _h0830 |
||
| 590 |
_aE5995AHE _b05 _c20141009 _lUCH01 _h1013 |
||
| 590 |
_aE5995AHE _b05 _c20141009 _lUCH01 _h1018 |
||
| 590 |
_aE5995AHE _b05 _c20141009 _lUCH01 _h1212 |
||
| 590 |
_aE5995AHE _b05 _c20141009 _lUCH01 _h1212 |
||
| 590 |
_aE5995AHE _b05 _c20141010 _lUCH01 _h1011 |
||
| 590 |
_aE5995AHE _b05 _c20141010 _lUCH01 _h1021 |
||
| 590 |
_aE5995AHE _b05 _c20141010 _lUCH01 _h1043 |
||
| 590 |
_aE5995AHE _b05 _c20141010 _lUCH01 _h1044 |
||
| 650 | 1 | 4 |
_aAgricultura _xInvestigación. _91577 |
| 650 | 1 | 4 |
_aAgricultura _xOaxaca. _91756 |
| 650 | 1 | 4 |
_aCultivos _xOaxaca. _930303 |
| 650 | 1 | 4 |
_aExtensión agrícola _xOaxaca. _939180 |
| 651 | 4 |
_aOaxaca _xViajes de estudio. _9128599 |
|
| 700 | 0 |
_aSosa, Romeo _e, coord. _9108830 |
|
| 901 | _aBK | ||
| 942 | _cLIBRO | ||
| 942 | _n0 | ||
| 999 |
_c107293 _d107293 |
||